[Event "World Rapid 2019"]
[Site "Moscow RUS"]
[Date "2019.12.28"]
[Round "13.7"]
[White "Ponkratov, Pavel"]
[Black "Artemiev, Vladislav"]
[Result "0-1"]
[WhiteTitle "GM"]
[BlackTitle "GM"]
[WhiteElo "2632"]
[BlackElo "2731"]
[WhiteFideId "4157800"]
[BlackFideId "24101605"]
[EventDate "2019.12.26"]

1. d4 Nf6 2. c4 g6 3. f3 d5 4. cxd5 Nxd5 5. e4 Nb6 6. Nc3 Bg7 7. Be3 Nc6 8. d5
Ne5 9. Bd4 O-O 10. f4 Ng4 11. Nf3 c6 12. Bxg7 Kxg7 13. h3 Nf6 14. dxc6 bxc6 15.
Qxd8 Rxd8 16. Kf2 c5 17. Be2 Bb7 18. Ke3 Bxe4 19. Rhc1 Bb7 20. g3 Rd6 21. Ne5
Rad8 22. Rc2 Nbd5+ 23. Nxd5 Nxd5+ 24. Kf2 Nf6 25. Ke3 Rd4 26. Bf3 Ne4 27. Rc4
Ba6 28. Nc6 Rd3+ 29. Kxe4 f5+ 30. Ke5 Bxc4 0-1

[Event "World Rapid 2019"]
[Site "Moscow RUS"]
[Date "2019.12.28"]
[Round "13.9"]
[White "Karjakin, Sergey"]
[Black "Smirin, Ilia"]
[Result "0-1"]
[WhiteTitle "GM"]
[BlackTitle "GM"]
[WhiteElo "2754"]
[BlackElo "2607"]
[WhiteFideId "14109603"]
[BlackFideId "2801990"]
[EventDate "2019.12.26"]

1. e4 c5 2. Nf3 e6 3. d4 cxd4 4. Nxd4 a6 5. c4 Nf6 6. Nc3 Bb4 7. Qd3 O-O 8. e5
Ne8 9. Bf4 d6 10. Nc2 Bxc3+ 11. Qxc3 dxe5 12. Bxe5 Nc6 13. Bf4 e5 14. Be3 Nf6
15. Bd3 Be6 16. O-O Rc8 17. Rfd1 Qe7 18. h3 Rfd8 19. Bb6 Rd7 20. a4 Nh5 21. Bf1
Nf4 22. b4 Nd4 23. Bxd4 exd4 24. Rxd4 Rxd4 25. Qxd4 Qg5 26. Rd1 Nxh3+ 27. Kh2
Nxf2 28. Rd2 Ng4+ 29. Kg1 h5 30. c5 h4 31. Ne1 Bd5 32. Be2 Re8 33. Nc2 Nf6 34.
Bf1 h3 35. b5 axb5 36. axb5 Re4 37. Qd3 Rh4 38. Qe3 h2+ 39. Kh1 Rf4 40. Bd3 g6
41. c6 bxc6 42. b6 Ng4 43. b7 Nxe3 44. b8=Q+ Kh7 45. Nxe3 Qg3 46. Qe8 Qe1+ 47.
Kxh2 Rh4# 0-1

[Event "World Rapid 2019"]
[Site "Moscow RUS"]
[Date "2019.12.28"]
[Round "13.12"]
[White "Demchenko, Anton"]
[Black "Giri, Anish"]
[Result "0-1"]
[WhiteTitle "GM"]
[BlackTitle "GM"]
[WhiteElo "2642"]
[BlackElo "2769"]
[WhiteFideId "4160258"]
[BlackFideId "24116068"]
[EventDate "2019.12.26"]

1. e4 c5 2. Nf3 d6 3. Bb5+ Nd7 4. d4 cxd4 5. Qxd4 a6 6. Bxd7+ Bxd7 7. Nc3 e5 8.
Qd3 Rc8 9. O-O h6 10. Nd2 Qc7 11. Rd1 Bg4 12. Re1 Nf6 13. Nf1 Be6 14. Ne3 Be7
15. a4 O-O 16. Qe2 Qd7 17. Bd2 Bd8 18. a5 Re8 19. Red1 Rc5 20. Na4 Rc6 21. Nc3
Qc8 22. Be1 b5 23. axb6 Rxb6 24. b3 Rc6 25. Qd3 Nd7 26. Na4 Nb6 27. Ba5 Nxa4 28.
Rxa4 Bg5 29. Bd2 Bxe3 30. Bxe3 Rxc2 31. Rxa6 Rc3 32. Qxd6 Bxb3 33. Rda1 Re6 34.
Qa3 Bd5 35. Qa5 Rxa6 36. Qxa6 Qxa6 37. Rxa6 Bxe4 38. h3 f6 39. Ra1 h5 40. Re1
Bf5 41. f3 h4 42. Re2 Kf7 43. Kf2 g5 44. Rb2 Bd3 45. Bd2 Ra3 46. Bb4 Ra6 47. Bc5
Rc6 48. Be3 Kg6 49. Rd2 Ba6 50. Rd8 Bc4 51. Bd2 Be6 52. Bb4 Rc4 53. Rb8 Rc2+ 54.
Kg1 Bd5 55. Rd8 Be6 56. Rd6 Kf7 57. Rb6 Rc4 58. Rb7+ Kg6 59. Rb6 Kf5 60. Be7 Rc7
61. Ba3 Bd5 62. Rb5 Be6 63. Rb6 Ra7 64. Bb4 Ra1+ 65. Kh2 Rd1 66. Be7 Rd7 67. Bb4
Rc7 68. Bd6 Rc1 69. Be7 Re1 70. Bd8 Rd1 71. Be7 Rc1 72. Bd8 Rc8 73. Be7 Rc7 74.
Bd6 Rd7 75. Kg1 Bd5 76. Bb4 Rc7 77. Rd6 Bb7 78. Rb6 e4 79. fxe4+ Bxe4 80. Rd6
Rc4 81. Ba5 Rc2 82. Rd2 Rc1+ 83. Kh2 Kg6 84. Bd8 f5 85. Rb2 Kh5 86. Be7 Rd1 87.
Bf6 g4 88. hxg4+ fxg4 89. Be5 Rd3 90. Rb5 Bd5 91. Bf6 Rd2 92. Kg1 g3 93. Kf1 h3
94. Rxd5+ Rxd5 0-1

[Event "World Rapid 2019"]
[Site "Moscow RUS"]
[Date "2019.12.28"]
[Round "13.13"]
[White "Antipov, Mikhail Al."]
[Black "Yu, Yangyi"]
[Result "1/2-1/2"]
[WhiteTitle "GM"]
[BlackTitle "GM"]
[WhiteElo "2549"]
[BlackElo "2738"]
[WhiteFideId "4107012"]
[BlackFideId "8603820"]
[EventDate "2019.12.26"]

1. e4 e5 2. Nf3 Nf6 3. Nxe5 d6 4. Nd3 Nxe4 5. Qe2 Qe7 6. Nf4 c6 7. f3 Nf6 8. d4
Nbd7 9. Nc3 Nb6 10. Qxe7+ Bxe7 11. Bd3 g5 12. Nfe2 Nfd5 13. Nxd5 Nxd5 14. Bd2 a5
15. a3 Be6 16. Ng3 Kd7 17. Nh5 a4 18. Ng7 Bf6 19. Nxe6 fxe6 20. c3 Nf4 21. Bf1
h5 22. g3 Nd5 23. O-O-O b5 24. Re1 Rae8 25. Bh3 Nb6 26. Re2 Rhg8 27. Kc2 Nc4 28.
Bc1 d5 29. Rhe1 g4 30. Bg2 e5 31. dxe5 Rxe5 32. fxg4 hxg4 33. Rxe5 Bxe5 34. Bf1
Kd6 35. Bd3 Rh8 36. Re2 Rf8 37. Re1 Rf2+ 38. Re2 Rf3 39. Rg2 Rf8 40. Be2 Rg8 41.
Rf2 Ke6 42. Bh6 Nd6 43. Rf8 Rxf8 44. Bxf8 Kf5 45. Bxd6 Bxd6 46. Bf1 Bc7 47. Kd2
Be5 48. Kd3 Bc7 1/2-1/2

[Event "World Rapid 2019"]
[Site "Moscow RUS"]
[Date "2019.12.28"]
[Round "13.14"]
[White "Salem, A.R. Saleh"]
[Black "Melkumyan, Hrant"]
[Result "1/2-1/2"]
[WhiteTitle "GM"]
[BlackTitle "GM"]
[WhiteElo "2675"]
[BlackElo "2668"]
[WhiteFideId "9301348"]
[BlackFideId "13302485"]
[EventDate "2019.12.26"]

1. d4 Nf6 2. c4 e6 3. Nc3 Bb4 4. e3 O-O 5. Bd3 d5 6. Nf3 dxc4 7. Bxc4 c5 8. O-O
Nc6 9. Bd3 h6 10. a3 Ba5 11. Ne4 cxd4 12. exd4 Bb6 13. Be3 Nxe4 14. Bxe4 Qd6 15.
Qd2 f5 16. Bxc6 bxc6 17. Bf4 Qd5 18. Rfe1 Rf6 19. Re5 Qd7 20. h4 Ba6 21. Rc1 Rd8
22. Qe3 Bb7 23. Re1 Bc7 24. Rc5 Bb6 25. Re5 Bc7 26. Rc5 Bb6 27. Rc3 Qd5 28. h5
Kh7 29. Be5 Rf7 30. Qf4 Kg8 31. b4 a5 32. Rb1 Qe4 33. Rcc1 Qxf4 34. Bxf4 Bxd4
35. Be5 c5 36. Bxd4 Bxf3 37. Bxc5 Be4 38. Rb2 axb4 39. axb4 Rc8 40. Re1 Bd5 41.
Bd4 f4 42. f3 Rf5 43. Re5 Rf7 44. Bc5 Kh7 45. Rd2 Ra8 46. Kf2 Ra1 47. Re1 Rxe1
48. Kxe1 Rf5 49. Bd6 Rxh5 50. Bxf4 Rh1+ 51. Kf2 Rb1 52. Bd6 g5 53. Re2 Kg6 54.
Re1 1/2-1/2

[Event "World Rapid 2019"]
[Site "Moscow RUS"]
[Date "2019.12.28"]
[Round "13.15"]
[White "Adhiban, Baskaran"]
[Black "Sargissian, Gabriel"]
[Result "1/2-1/2"]
[WhiteTitle "GM"]
[BlackTitle "GM"]
[WhiteElo "2654"]
[BlackElo "2689"]
[WhiteFideId "5018471"]
[BlackFideId "13300881"]
[EventDate "2019.12.26"]

1. d4 Nf6 2. c4 e6 3. Nf3 d5 4. Nc3 Bb4 5. Qb3 c5 6. dxc5 Qa5 7. Bd2 dxc4 8.
Qxc4 Qxc5 9. Qxc5 Bxc5 10. g3 Nc6 11. Bg2 O-O 12. O-O Bd7 13. Rac1 Be7 14. Rfd1
Rfd8 15. h3 Be8 16. Kf1 Rac8 17. g4 h6 18. Ke1 Kf8 19. Be3 Rxd1+ 20. Rxd1 a6 21.
Nd4 1/2-1/2

[Event "World Rapid 2019"]
[Site "Moscow RUS"]
[Date "2019.12.28"]
[Round "13.16"]
[White "Safarli, Eltaj"]
[Black "Fridman, Daniel"]
[Result "1/2-1/2"]
[WhiteTitle "GM"]
[BlackTitle "GM"]
[WhiteElo "2601"]
[BlackElo "2616"]
[WhiteFideId "13402129"]
[BlackFideId "11600454"]
[EventDate "2019.12.26"]

1. e4 e5 2. Nc3 Nf6 3. g3 d5 4. exd5 Nxd5 5. Bg2 Nxc3 6. bxc3 Nc6 7. Nf3 Bc5 8.
O-O O-O 9. d3 Bg4 10. h3 Bh5 11. g4 Bg6 12. Ng5 Be7 13. Ne4 f5 14. gxf5 Bxf5 15.
Rb1 Rb8 16. Be3 Qd7 17. Qh5 b6 18. Ng3 Be6 19. Be4 g6 20. Bxg6 hxg6 21. Qxg6+
Kh8 22. Qh5+ Kg8 23. Qg6+ Kh8 1/2-1/2

[Event "World Rapid 2019"]
[Site "Moscow RUS"]
[Date "2019.12.28"]
[Round "13.17"]
[White "Motylev, Alexander"]
[Black "Bartel, Mateusz"]
[Result "1/2-1/2"]
[WhiteTitle "GM"]
[BlackTitle "GM"]
[WhiteElo "2640"]
[BlackElo "2634"]
[WhiteFideId "4121830"]
[BlackFideId "1112635"]
[EventDate "2019.12.26"]

1. e4 e6 2. d4 d5 3. Nc3 Nf6 4. e5 Nfd7 5. f4 c5 6. Nf3 Nc6 7. Be3 cxd4 8. Nxd4
Bc5 9. Qd2 O-O 10. O-O-O a6 11. h4 Nxd4 12. Bxd4 b5 13. h5 Bb7 14. Rh3 b4 15.
Ne2 a5 16. Rg3 Qh4 17. f5 Bxd4 18. Qxd4 Qxh5 19. f6 g6 20. Re3 Ba6 21. Nf4 Qh6
22. Bxa6 Rxa6 23. Rh3 Qg5 24. Rdh1 h5 25. g4 1/2-1/2

[Event "World Rapid 2019"]
[Site "Moscow RUS"]
[Date "2019.12.28"]
[Round "13.19"]
[White "Guseinov, Gadir"]
[Black "Geller, Jakov"]
[Result "1-0"]
[WhiteTitle "GM"]
[BlackTitle "GM"]
[WhiteElo "2666"]
[BlackElo "2521"]
[WhiteFideId "13401378"]
[BlackFideId "4151984"]
[EventDate "2019.12.26"]

1. e4 c5 2. Nc3 a6 3. Nf3 e6 4. d4 cxd4 5. Nxd4 Qc7 6. Bd3 Nf6 7. O-O Be7 8. Kh1
d6 9. f4 b5 10. e5 dxe5 11. fxe5 Qxe5 12. Bf4 Qc5 13. Qf3 Qa7 14. Ndxb5 axb5 15.
Nxb5 Bb7 16. Qg3 Nh5 17. Qg4 Bxg2+ 18. Qxg2 Nxf4 19. Rxf4 Qa5 20. b4 Bxb4 21.
Rxb4 O-O 22. Rh4 g6 23. Qh3 Nd7 24. Rxh7 Qd2 25. Rf1 1-0

[Event "World Rapid 2019"]
[Site "Moscow RUS"]
[Date "2019.12.28"]
[Round "13.20"]
[White "Rakhmanov, Aleksandr"]
[Black "Grachev, Boris"]
[Result "1/2-1/2"]
[WhiteTitle "GM"]
[BlackTitle "GM"]
[WhiteElo "2645"]
[BlackElo "2614"]
[WhiteFideId "4173708"]
[BlackFideId "4129199"]
[EventDate "2019.12.26"]

1. d4 d5 2. c4 e6 3. Nf3 Nf6 4. Qc2 Be7 5. Nbd2 O-O 6. g3 Nbd7 7. Bg2 c6 8. O-O
b6 9. e4 dxc4 10. Nxc4 Bb7 11. h4 h6 12. Rd1 c5 13. d5 exd5 14. exd5 Bxd5 15.
Nfe5 Bxg2 16. Nxd7 Nxd7 17. Kxg2 Bf6 18. Qf5 Bd4 19. Be3 Nf6 20. Bxd4 cxd4 21.
Qe5 d3 1/2-1/2

[Event "World Rapid 2019"]
[Site "Moscow RUS"]
[Date "2019.12.28"]
[Round "13.21"]
[White "Perunovic, Milos"]
[Black "Mamedov, Rauf"]
[Result "0-1"]
[WhiteTitle "GM"]
[BlackTitle "GM"]
[WhiteElo "2589"]
[BlackElo "2659"]
[WhiteFideId "921629"]
[BlackFideId "13401653"]
[EventDate "2019.12.26"]

1. e4 c5 2. Nf3 Nc6 3. Nc3 g6 4. Bb5 Bg7 5. O-O e5 6. a3 Nge7 7. b4 d6 8. bxc5
dxc5 9. Bc4 O-O 10. d3 b6 11. Nd5 Nxd5 12. Bxd5 Bb7 13. Bb2 Qe7 14. Nd2 Nd4 15.
Bxb7 Qxb7 16. Nc4 Rfd8 17. a4 Rac8 18. Ne3 Ne6 19. c4 Nf4 20. Nd5 Qd7 21. Re1 h5
22. g3 Nh3+ 23. Kg2 Ng5 24. h4 Ne6 25. Bc3 Rf8 26. a5 Rb8 27. axb6 axb6 28. Qa4
b5 29. cxb5 Qxb5 30. Qxb5 Rxb5 31. Reb1 Rxb1 32. Rxb1 Ra8 33. Rb7 Ra3 34. Rb8+
Kh7 35. Rb7 Kg8 36. Kf3 Nd4+ 37. Bxd4 exd4 38. Rb8+ Kh7 39. Rc8 Rxd3+ 40. Ke2
Ra3 41. Rxc5 d3+ 42. Ke3 Bd4+ 43. Kxd4 d2 44. Ne3 Rxe3 45. Kxe3 d1=Q 46. Rd5
Qe1+ 47. Kf3 Qh1+ 48. Ke3 Kg7 49. Rd3 Kf6 50. Rd5 Ke6 51. Rg5 f6 52. Rb5 g5 0-1

[Event "World Rapid 2019"]
[Site "Moscow RUS"]
[Date "2019.12.28"]
[Round "13.22"]
[White "Le, Quang Liem"]
[Black "Amin, Bassem"]
[Result "1-0"]
[WhiteTitle "GM"]
[BlackTitle "GM"]
[WhiteElo "2713"]
[BlackElo "2683"]
[WhiteFideId "12401137"]
[BlackFideId "10601457"]
[EventDate "2019.12.26"]

1. d4 Nf6 2. c4 g6 3. Nc3 Bg7 4. e4 d6 5. Nge2 O-O 6. Ng3 Nc6 7. d5 Ne5 8. Be2
e6 9. f4 Ned7 10. O-O Re8 11. Bf3 Nc5 12. Re1 Nfd7 13. Be3 Nb6 14. Qe2 Nba4 15.
Nxa4 Nxa4 16. Qc2 Bd7 17. Rab1 Rc8 18. b3 Nc3 19. Rbc1 exd5 20. cxd5 c6 21. dxc6
Bxc6 22. Bf2 Qa5 23. a4 Qb4 24. Qd3 Qxb3 25. Bxa7 Qxa4 26. Bf2 Qb4 27. h4 Bb5
28. Qe3 Nd5 29. exd5 Rxe3 30. Rxc8+ Re8 31. Rexe8+ Bxe8 32. Rxe8+ Bf8 33. Ne4 h6
34. f5 gxf5 35. Nf6+ Kg7 36. Nh5+ Kg8 37. Bg3 f6 38. Nxf6+ Kf7 39. Re6 f4 40.
Be1 Qc5+ 41. Kh2 b5 42. Nd7 Qc1 43. Nxf8 Kxf8 44. Bb4 Kg7 45. Bxd6 Qd2 46. Be5+
Kg8 47. Bh5 1-0

[Event "World Rapid 2019"]
[Site "Moscow RUS"]
[Date "2019.12.28"]
[Round "13.23"]
[White "Matlakov, Maxim"]
[Black "Alekseev, Evgeny"]
[Result "0-1"]
[WhiteTitle "GM"]
[BlackTitle "GM"]
[WhiteElo "2699"]
[BlackElo "2620"]
[WhiteFideId "4168003"]
[BlackFideId "4138147"]
[EventDate "2019.12.26"]

1. d4 e6 2. e4 d5 3. e5 c5 4. c3 Nc6 5. Nf3 Bd7 6. Be2 f6 7. O-O fxe5 8. dxe5
Qc7 9. Re1 Nh6 10. c4 d4 11. Bd3 O-O-O 12. a3 Nf7 13. Qe2 Be7 14. h4 Rdg8 15.
Nbd2 Kb8 16. Ne4 h6 17. h5 Nfxe5 18. Nxe5 Qxe5 19. b4 cxb4 20. c5 g6 21. Rb1 a5
22. Bd2 gxh5 23. axb4 axb4 24. f4 Qc7 25. Qxh5 Rg7 26. Re2 Be8 27. Qh3 Bd7 28.
Ra1 h5 29. Bc1 Bc8 30. Rea2 Qd7 31. f5 e5 32. Qf3 Rf8 33. f6 Rg4 34. Bh6 Rf7 35.
Ra8+ Kc7 36. Bc4 Bf8 37. Bxf8 Rxf8 38. Nd6 Rf4 39. Qxh5 R4xf6 40. Nb5+ Kd8 41.
Qg5 Qe7 42. Qg4 Qd7 43. Qh4 Qe7 44. Rxc8+ Kxc8 45. Ra8+ Kd7 46. Qg4+ Rf5 47.
Rxf8 Qxf8 48. Nd6 Ne7 49. Bd3 Ke6 50. Nxf5 Nxf5 51. Qg6+ Kd5 52. Bxf5 Kxc5 53.
g4 b3 54. Qe6 Kb4 55. Qxe5 Qd8 56. Qe1+ Ka3 57. Qa1+ Kb4 58. Kf2 Qh4+ 59. Kg2
Qd8 60. Kf3 Qd5+ 61. Be4 Qf7+ 62. Kg2 Qd7 63. Qe1+ Ka4 64. Bf5 Qd8 65. Qe4 b5
66. Kf3 Ka3 67. Qd3 Qd5+ 68. Kf2 Qe5 69. Kg2 Qd5+ 70. Be4 Qe5 71. Bf5 Qd5+ 72.
Qe4 Qd8 73. Qf3 Qe7 74. Be4 Qc5 75. Qg3 Qe7 76. Bd5 Qe2+ 77. Kh3 d3 78. Qd6+ b4
79. Qa6+ Kb2 80. Qc4 Qc2 81. Qxb4 d2 82. Bf3 Qc3 0-1

[Event "World Rapid 2019"]
[Site "Moscow RUS"]
[Date "2019.12.28"]
[Round "13.24"]
[White "Dreev, Aleksey"]
[Black "Tomashevsky, Evgeny"]
[Result "1/2-1/2"]
[WhiteTitle "GM"]
[BlackTitle "GM"]
[WhiteElo "2677"]
[BlackElo "2705"]
[WhiteFideId "4100107"]
[BlackFideId "4147235"]
[EventDate "2019.12.26"]

1. d4 Nf6 2. c4 e6 3. Nf3 Bb4+ 4. Bd2 Qe7 5. Nc3 Bxc3 6. Bxc3 Ne4 7. Rc1 O-O 8.
g3 Nxc3 9. Rxc3 d6 10. Bg2 e5 11. O-O Nd7 12. Qb3 Nf6 13. Rd1 Re8 14. h3 c6 15.
Re3 e4 16. d5 cxd5 17. cxd5 Qc7 18. Nd2 Bf5 19. g4 Bg6 20. Rc3 Qe7 21. Nc4 h5
22. g5 Nh7 23. h4 f6 24. gxf6 Nxf6 25. Rg3 Ng4 26. Bh3 Bf5 27. Bxg4 Bxg4 28. Ne3
Qxh4 29. Nxg4 hxg4 30. Kg2 Re5 31. Rh1 Qg5 32. Qe3 Qxe3 33. Rxe3 Rc8 34. b4 Rc4
35. a3 Rxd5 36. Kg3 Rf5 37. Rh4 d5 38. Rxg4 Kf7 39. Kg2 Rc2 40. Kg3 g5 41. f3
exf3 42. exf3 b5 43. Rd4 Rc4 44. Rd2 a6 45. Rh2 d4 46. Rh7+ Kg6 47. Ree7 Rc3 48.
Rhg7+ Kf6 49. Rgf7+ Kg6 50. Rg7+ Kf6 1/2-1/2

[Event "World Rapid 2019"]
[Site "Moscow RUS"]
[Date "2019.12.28"]
[Round "13.25"]
[White "Xu, Yinglun"]
[Black "Inarkiev, Ernesto"]
[Result "1/2-1/2"]
[WhiteTitle "GM"]
[BlackTitle "GM"]
[WhiteElo "2555"]
[BlackElo "2663"]
[WhiteFideId "8604940"]
[BlackFideId "4162722"]
[EventDate "2019.12.26"]

1. d4 d5 2. c4 e6 3. Nf3 dxc4 4. e3 Nf6 5. Bxc4 c5 6. O-O a6 7. b3 b5 8. Be2 Bb7
9. Bb2 Nbd7 10. a4 b4 11. Nbd2 Be7 12. a5 O-O 13. Nc4 Qc7 14. Nfe5 Rfd8 15. Nxd7
Nxd7 16. Rc1 Rac8 17. Bf3 Bd5 18. Qe2 Bf6 19. Bxd5 exd5 20. Nb6 Nxb6 21. Rxc5
Qe7 22. axb6 Rxc5 23. dxc5 Bxb2 24. Qxb2 Qxc5 25. Qd4 Qxd4 26. exd4 Rb8 27. Rc1
Kf8 28. Rc6 Rb7 29. Rd6 Ke7 30. Rxd5 Rxb6 31. Kf1 Rc6 32. Ra5 Rc3 33. Rxa6 Rxb3
34. Ke2 h5 35. h4 Rb1 36. d5 b3 37. Rb6 b2 38. g3 f6 39. Kf3 g5 40. hxg5 fxg5
41. Kg2 g4 42. d6+ Ke6 43. Kh2 1/2-1/2

[Event "World Rapid 2019"]
[Site "Moscow RUS"]
[Date "2019.12.28"]
[Round "13.26"]
[White "Socko, Bartosz"]
[Black "Ganguly, Surya Shekhar"]
[Result "0-1"]
[WhiteTitle "GM"]
[BlackTitle "GM"]
[WhiteElo "2618"]
[BlackElo "2633"]
[WhiteFideId "1107038"]
[BlackFideId "5002150"]
[EventDate "2019.12.26"]

1. d4 Nf6 2. c4 e6 3. Nf3 d5 4. g3 Be7 5. Bg2 O-O 6. O-O dxc4 7. Ne5 Nc6 8. Bxc6
bxc6 9. Nxc6 Qe8 10. Nxe7+ Qxe7 11. Qc2 c5 12. Qxc4 cxd4 13. Qxd4 e5 14. Qh4 Rb8
15. Nc3 Rb4 16. e4 Qb7 17. Re1 Rc4 18. Bg5 Ng4 19. h3 Qxb2 20. hxg4 Qxc3 21.
Rac1 Qa5 22. Be7 Re8 23. a3 Rxc1 24. Rxc1 Bb7 25. Bb4 Qb5 26. g5 a5 27. Be1 Qd3
28. Qg4 a4 29. Rc7 Ba6 30. Kh2 Qxa3 31. Qf5 Qa2 32. Ra7 Bc8 33. Qf3 Be6 34. Qc3
Qe2 35. Rxa4 Qh5+ 36. Kg1 Qxg5 37. Qc6 Qd8 38. Ra7 h5 39. Kg2 Rf8 40. Bb4 Qd1
41. Kh2 Qf1 42. Qc5 Bh3 43. Qxf8+ Kh7 0-1

[Event "World Rapid 2019"]
[Site "Moscow RUS"]
[Date "2019.12.28"]
[Round "13.27"]
[White "Zubov, Alexander"]
[Black "Utegaliyev, Azamat"]
[Result "1-0"]
[WhiteTitle "GM"]
[WhiteElo "2601"]
[BlackElo "2502"]
[WhiteFideId "14109409"]
[BlackFideId "13702467"]
[EventDate "2019.12.26"]

1. d4 Nf6 2. Nf3 g6 3. Nbd2 Bg7 4. e4 d6 5. Bd3 O-O 6. O-O Nc6 7. Re1 Nd7 8. d5
Nce5 9. Bf1 c6 10. a4 a5 11. Nxe5 Nxe5 12. Nb3 Nd7 13. c3 Nf6 14. Bf4 Qb6 15. h3
Re8 16. Be3 Qc7 17. Bf4 Qb6 18. Be3 Qc7 19. Bd4 e5 20. dxe6 Bxe6 21. c4 Rad8 22.
Qd2 c5 23. Bc3 b6 24. Qg5 h6 25. Qg3 Bc8 26. Nd2 Bb7 27. Bd3 Re6 28. f3 Rde8 29.
Qf2 Qe7 30. Nf1 Nh5 31. Red1 Nf4 32. Qg3 Be5 33. Bxe5 dxe5 34. Ne3 Rd8 35. Nd5
Bxd5 36. cxd5 Red6 37. Bf1 Kh7 38. Kh2 Qf6 39. Re1 Rf8 40. Qf2 Nh5 41. Rad1 Qg7
42. Qe3 Qf6 43. g3 Rfd8 44. Bb5 Ng7 45. Rd3 Qe7 46. f4 Nh5 47. Rf1 Nf6 48. Re1
Kg7 49. fxe5 Qxe5 50. Qf4 Qe7 51. e5 Rxd5 52. exf6+ Qxf6 53. Qxf6+ Kxf6 54. Rxd5
Rxd5 55. Re2 Rd4 56. b3 h5 57. Bc4 Rd7 58. h4 Kg7 59. Re8 Rd6 60. Kg2 Rf6 61.
Rd8 Kh7 62. Rd3 Kg7 63. Rf3 1-0

[Event "World Rapid 2019"]
[Site "Moscow RUS"]
[Date "2019.12.28"]
[Round "13.29"]
[White "Petrov, Nikita"]
[Black "Shimanov, Aleksandr"]
[Result "0-1"]
[WhiteTitle "GM"]
[BlackTitle "GM"]
[WhiteElo "2585"]
[BlackElo "2587"]
[WhiteFideId "4101286"]
[BlackFideId "4198603"]
[EventDate "2019.12.26"]

1. c4 c5 2. Nc3 Nc6 3. g3 g6 4. Bg2 Bg7 5. b3 d6 6. Bb2 Nf6 7. Nf3 e5 8. O-O O-O
9. d3 h6 10. e3 Re8 11. Nd2 Bg4 12. Bf3 Bh3 13. Bg2 Bg4 14. Bf3 Be6 15. a3 d5
16. cxd5 Nxd5 17. Bg2 Nxc3 18. Bxc3 Qxd3 19. Ne4 Red8 20. Qxd3 Rxd3 21. Rfc1 b6
22. Nxc5 bxc5 23. Bxc6 Rc8 24. Be4 Rd6 25. b4 c4 26. Rd1 Rcd8 27. Rxd6 Rxd6 28.
f3 f5 29. Bc2 e4 30. Bxg7 Kxg7 31. fxe4 Rd2 32. Rc1 Kf6 33. exf5 gxf5 34. e4
fxe4 35. Bxe4 Ke5 36. Bf3 Kd4 37. b5 c3 38. a4 c2 39. a5 Bd5 40. Bg4 Rg2+ 41.
Kf1 Rxh2 42. Bd1 Rh1+ 43. Ke2 Bf3+ 0-1

[Event "World Rapid 2019"]
[Site "Moscow RUS"]
[Date "2019.12.28"]
[Round "13.30"]
[White "Sjugirov, Sanan"]
[Black "Ismagambetov, Anuar"]
[Result "1-0"]
[WhiteTitle "GM"]
[BlackTitle "GM"]
[WhiteElo "2665"]
[BlackElo "2528"]
[WhiteFideId "4189302"]
[BlackFideId "13701525"]
[EventDate "2019.12.26"]

1. e4 c5 2. Nf3 Nc6 3. d4 cxd4 4. Nxd4 Nf6 5. Nc3 e5 6. Ndb5 d6 7. Bg5 a6 8. Na3
b5 9. Nd5 Be7 10. Bxf6 Bxf6 11. c4 b4 12. Nc2 O-O 13. g3 Bg5 14. Bg2 a5 15. O-O
Ne7 16. Nce3 Bxe3 17. Nxe3 Qc7 18. Qd3 Be6 19. Rad1 Rfd8 20. f4 f6 21. Kh1 Nc6
22. Nf5 Rd7 23. Rf2 Rb8 24. b3 Kh8 25. h4 Bxf5 26. exf5 Nd4 27. Bd5 a4 28. g4
Qb6 29. Rg2 Rf8 30. Rf1 axb3 31. axb3 Ra7 32. g5 Qd8 33. Be4 Ra3 34. Rb1 Qe7 35.
h5 Qa7 36. h6 gxh6 37. g6 Rg8 38. Qh3 Ra1 39. Rxa1 Qxa1+ 40. Rg1 Qa7 41. fxe5
dxe5 42. Qxh6 Ne2 43. Rg4 Rg7 44. Qd2 Nd4 45. Qxb4 Qe7 46. Qb6 Qf8 47. Rh4 Ne2
48. Kg2 Nf4+ 49. Kf3 Kg8 50. Bd5+ Kh8 51. Be4 Kg8 52. b4 Qe8 53. Qxf6 hxg6 54.
fxg6 Qc8 55. Qxe5 Nxg6 56. Bd5+ Kf8 57. Qf6+ Ke8 58. Bc6+ 1-0

[Event "World Rapid 2019"]
[Site "Moscow RUS"]
[Date "2019.12.28"]
[Round "13.31"]
[White "Petrosyan, Manuel"]
[Black "Cheparinov, Ivan"]
[Result "0-1"]
[WhiteTitle "GM"]
[BlackTitle "GM"]
[WhiteElo "2613"]
[BlackElo "2687"]
[WhiteFideId "13300857"]
[BlackFideId "2905540"]
[EventDate "2019.12.26"]

1. c4 c5 2. Nc3 Nc6 3. g3 g6 4. Bg2 Bg7 5. d3 e6 6. h4 Nf6 7. Nh3 d6 8. Nf4 h6
9. a3 Qd7 10. b4 Ne5 11. Rb1 Rb8 12. bxc5 dxc5 13. Be3 Nfg4 14. Bxc5 Nxd3+ 15.
exd3 Bxc3+ 16. Kf1 h5 17. d4 b6 18. Qd3 bxc5 19. Rxb8 Bxd4 20. Bb7 O-O 21. Nxg6
fxg6 22. Qxg6+ Bg7 23. Rxc8 Qxb7 24. Qxe6+ Kh7 25. Rxf8 Qxh1+ 26. Ke2 Bxf8 27.
Qf7+ Bg7 28. Qf5+ Kg8 29. Qe6+ Kf8 30. Qd6+ Kf7 31. Qd7+ Kg6 32. Qd3+ Kh6 33.
Qd2+ Kh7 34. Qd3+ Kg8 35. Qd8+ Bf8 36. Qg5+ Kh8 37. Qxh5+ Nh6 38. Qe8 Kg7 39.
Qe5+ Kh7 40. Qc7+ Kg8 41. Qe5 Qb1 42. Qd5+ Kh7 43. Qd7+ Bg7 44. Qxa7 Qe4+ 45.
Kf1 Qxc4+ 46. Kg1 Qd4 0-1

[Event "World Rapid 2019"]
[Site "Moscow RUS"]
[Date "2019.12.28"]
[Round "13.32"]
[White "Aravindh, Chithambaram VR."]
[Black "Turov, Maxim"]
[Result "0-1"]
[WhiteTitle "GM"]
[BlackTitle "GM"]
[WhiteElo "2605"]
[BlackElo "2574"]
[WhiteFideId "5072786"]
[BlackFideId "4120086"]
[EventDate "2019.12.26"]

1. e4 c6 2. d4 d5 3. e5 Bf5 4. h4 Qc7 5. g4 Bd7 6. h5 c5 7. c3 Nc6 8. Be3 Qb6 9.
Qd2 cxd4 10. cxd4 Bxg4 11. Nc3 e6 12. Nge2 Nge7 13. h6 gxh6 14. Nf4 Nf5 15. Bh3
Bxh3 16. Rxh3 O-O-O 17. O-O-O Kb8 18. Qd3 Nb4 19. Qb1 Qc6 20. a3 Na6 21. Kd2 Be7
22. Rc1 Qd7 23. b4 Bg5 24. Nfe2 Rc8 25. b5 Nc7 26. a4 Na8 27. a5 Rc4 28. Bxg5
hxg5 29. Nd1 Nxd4 30. Nxd4 Rxd4+ 31. Ke1 Rc4 32. Rxc4 dxc4 33. Rxh7 Rd8 34. Ne3
c3 35. b6 axb6 36. axb6 Nxb6 37. Kf1 Qd3+ 38. Qxd3 Rxd3 39. Ke2 Rd2+ 40. Ke1 Nd5
41. Nc4 Rd4 42. Nd6 c2 43. Rh8+ Ka7 44. Nb5+ Kb6 0-1